000
00329nam a2200145 i 4500
001
bg
245
0
_a
Funkcional'nyj analiz i ego primenenie.
260
_a
Baku :
_b
Izdat. "ELM",
_c
1971.
300
_a
s. 206.
040
_c
BPK
041
_a
pol
080
_a
517.5
942
_c
KS
008
s pl f |000 0 pol
999
_c
25535
_d
25535